01275nam a2200313 a 4500001001100000003000800011006001900019007001500038008004100053010001700094020002800111040002100139035002100160050002900181082001400210100001900224245015200243246002800395260004400423300002600467504006600493533015200559650003100711650002800742650002000770655002900790710001700819856012500836ebr5003885CaPaEBRm u cr cn|||||||||940419s1994 ctua sb 001 0 eng  z 94016993  z089930897X (alk. paper) aCaPaEBRcCaPaEBR a(OCoLC)22804001014aHF5549.5.E43bA37 1994eb04a158.72201 aAllcorn, Seth.10aAnger in the workplaceh[electronic resource] :bunderstanding the causes of aggression and violence /cSeth Allcorn ; foreword by Michael Diamond.1 aAnger in the work place aWestport, Conn. :bQuorum Books,c1994. axviii, 173 p. :bill. aIncludes bibliographical references (p. [163]-167) and index. aElectronic reproduction.bPalo Alto, Calif. :cebrary,d2013.nAvailable via World Wide Web.nAccess may be limited to ebrary affiliated libraries. 0aViolence in the workplace. 0aAnger in the workplace. 0aAggressiveness. 7aElectronic books.2local2 aebrary, Inc.40uhttp://site.ebrary.com/lib/rucke/Doc?id=5003885zAn electronic book accessible through the World Wide Web; click to view